Asamiya sahityar purna itihas (Record no. 10314)

MARC details
000 -LEADER
fixed length control field 00504cam a2200181ua 4500
008 - FIXED-LENGTH DATA ELEMENTS--GENERAL INFORMATION
fixed length control field 190923n ii |||gr||||Z||||||asm
040 ## - CATALOGING SOURCE
Transcribing agency MAIN
082 ## - DEWEY DECIMAL CLASSIFICATION NUMBER
Classification number 491.4514
100 ## - MAIN ENTRY--PERSONAL NAME
Personal name H.N Sarma Daloi,
Relator term
245 ## - TITLE STATEMENT
Title Asamiya sahityar purna itihas
Statement of responsibility, etc. By H.N Sarma Daloi
250 ## - EDITION STATEMENT
Edition statement 4th ed.
260 ## - PUBLICATION, DISTRIBUTION, ETC.
Place of publication, distribution, etc. Nalbari:
Name of publisher, distributor, etc. Saraswati computer press ,
Date of publication, distribution, etc. 2018.
300 ## - PHYSICAL DESCRIPTION
Extent 608p.
942 ## - ADDED ENTRY ELEMENTS (KOHA)
Koha item type Books
653 ## - INDEX TERM--UNCONTROLLED
Uncontrolled term East Indo-European & Celtic languages
653 ## - INDEX TERM--UNCONTROLLED
Uncontrolled term History of assamese literature
Holdings
Withdrawn status Lost status Source of classification or shelving scheme Damaged status Not for loan Collection code Home library Current library Shelving location Date acquired Cost, normal purchase price Total Checkouts Full call number Barcode Date last seen Date last checked out Copy number Price effective from Koha item type Date due
    Dewey Decimal Classification     Assamese Central Library, Naharkatiya College Central Library, Naharkatiya College General Stacks 19/09/2020 240.00 8 491.4514 SAR 26791 09/06/2025 14/05/2025 2 19/09/2020 Books  
    Dewey Decimal Classification     Assamese Central Library, Naharkatiya College Central Library, Naharkatiya College General Stacks 19/09/2020 240.00 16 491.4514 SAR 26792 10/06/2025 14/05/2025 3 19/09/2020 Books  
    Dewey Decimal Classification     Assamese Central Library, Naharkatiya College Central Library, Naharkatiya College General Stacks 06/05/2024 240.00 4 491.4514 SAR 18096 24/02/2026 24/02/2026 1 06/05/2024 Books 14/03/2026

Naharkatiya College © 2020. All rights reserved.

Powered By